000 00220nam a22000977a 4500
999 _c15763
_d15763
003 OSt
008 191015b ||||| |||| 00| 0 eng d
100 _aKesavdev,P
_94298
245 _aOru sundariyude athmakadha
942 _cBK